<?xml version="1.0" encoding="UTF-8"?>
<record
    xmlns:xsi="http://www.w3.org/2001/XMLSchema-instance"
    xsi:schemaLocation="http://www.loc.gov/MARC21/slim http://www.loc.gov/standards/marcxml/schema/MARC21slim.xsd"
    xmlns="http://www.loc.gov/MARC21/slim">

  <leader>00936nam a22002297a 4500</leader>
  <datafield tag="999" ind1=" " ind2=" ">
    <subfield code="c">63283</subfield>
    <subfield code="d">63283</subfield>
  </datafield>
  <controlfield tag="005">20240530110632.0</controlfield>
  <controlfield tag="008">170911s2014    ua a   f b    000 0dara d</controlfield>
  <datafield tag="017" ind1=" " ind2=" ">
    <subfield code="a">2012/5459</subfield>
    <subfield code="b">&#x645;&#x635;&#x631; . &#x62F;&#x627;&#x631; &#x627;&#x644;&#x643;&#x62A;&#x628; &#x627;&#x644;&#x645;&#x635;&#x631;&#x64A;&#x629;</subfield>
  </datafield>
  <datafield tag="020" ind1=" " ind2=" ">
    <subfield code="a">9789772160075</subfield>
  </datafield>
  <datafield tag="040" ind1=" " ind2=" ">
    <subfield code="a">EG-CaGPL</subfield>
  </datafield>
  <datafield tag="082" ind1="0" ind2="4">
    <subfield code="2">21</subfield>
    <subfield code="a">941.082\</subfield>
    <subfield code="b">&#x631; &#x648;</subfield>
  </datafield>
  <datafield tag="100" ind1="1" ind2=" ">
    <subfield code="a">&#x631;&#x627;&#x646;&#x643;&#x64A;&#x646; &#x60C; &#x646;&#x64A;&#x643;&#x648;&#x644;&#x627;&#x633; .</subfield>
  </datafield>
  <datafield tag="245" ind1="1" ind2="0">
    <subfield code="a">&#x648;&#x646;&#x633;&#x62A;&#x648;&#x646; &#x62A;&#x634;&#x631;&#x634;&#x644; &#x648; &#x627;&#x644;&#x62E;&#x62F;&#x627;&#x639; &#x627;&#x644;&#x628;&#x631;&#x64A;&#x637;&#x627;&#x646;&#x649; ( 1914 - 1945 ) /</subfield>
    <subfield code="c">&#x62A;&#x627;&#x644;&#x64A;&#x641; &#x646;&#x64A;&#x643;&#x648;&#x644;&#x627;&#x633; &#x631;&#x627;&#x646;&#x643;&#x64A;&#x646; &#x61B; &#x62A;&#x631;&#x62C;&#x645;&#x629; &#x639;&#x644;&#x649; &#x627;&#x645;&#x64A;&#x646; &#x639;&#x644;&#x649; .</subfield>
  </datafield>
  <datafield tag="250" ind1=" " ind2=" ">
    <subfield code="a">&#x637;.1</subfield>
  </datafield>
  <datafield tag="260" ind1=" " ind2=" ">
    <subfield code="a">&#x627;&#x644;&#x642;&#x627;&#x647;&#x631;&#x629; : </subfield>
    <subfield code="b">&#x627;&#x644;&#x645;&#x631;&#x643;&#x632; &#x627;&#x644;&#x642;&#x648;&#x645;&#x649; &#x644;&#x644;&#x62A;&#x631;&#x62C;&#x645;&#x629; &#x60C;</subfield>
    <subfield code="c">2014 .</subfield>
  </datafield>
  <datafield tag="300" ind1=" " ind2=" ">
    <subfield code="a">629 &#x635; :</subfield>
    <subfield code="b">&#x627;&#x64A;&#x636; &#x61B;</subfield>
    <subfield code="c">24 &#x633;&#x645; .</subfield>
  </datafield>
  <datafield tag="490" ind1="0" ind2=" ">
    <subfield code="a">&#x627;&#x644;&#x645;&#x631;&#x643;&#x632; &#x627;&#x644;&#x642;&#x648;&#x645;&#x649; &#x644;&#x644;&#x62A;&#x631;&#x62C;&#x645;&#x629; &#x61B;</subfield>
    <subfield code="v">2165</subfield>
  </datafield>
  <datafield tag="650" ind1="0" ind2="7">
    <subfield code="a">&#x627;&#x644;&#x62D;&#x631;&#x628; &#x627;&#x644;&#x639;&#x627;&#x644;&#x645;&#x64A;&#x629; &#x627;&#x644;&#x627;&#x648;&#x644;&#x649; .</subfield>
  </datafield>
  <datafield tag="650" ind1="0" ind2="7">
    <subfield code="a">&#x627;&#x644;&#x62D;&#x631;&#x628; &#x627;&#x644;&#x639;&#x627;&#x644;&#x645;&#x64A;&#x629; &#x627;&#x644;&#x62B;&#x627;&#x646;&#x64A;&#x629; .</subfield>
  </datafield>
  <datafield tag="700" ind1="0" ind2=" ">
    <subfield code="a">&#x639;&#x644;&#x649; &#x627;&#x645;&#x64A;&#x646; &#x639;&#x644;&#x649;</subfield>
    <subfield code="e">&#x645;&#x62A;&#x631;&#x62C;&#x645; .</subfield>
  </datafield>
  <datafield tag="942" ind1=" " ind2=" ">
    <subfield code="2">ddc</subfield>
    <subfield code="c">BK</subfield>
  </datafield>
  <datafield tag="952" ind1=" " ind2=" ">
    <subfield code="0">0</subfield>
    <subfield code="1">0</subfield>
    <subfield code="4">0</subfield>
    <subfield code="7">0</subfield>
    <subfield code="a">CAI</subfield>
    <subfield code="b">CAI</subfield>
    <subfield code="c">MAIN-LIBRARY</subfield>
    <subfield code="d">2017-09-11</subfield>
    <subfield code="l">0</subfield>
    <subfield code="o">941.082\ &#x631; &#x648;</subfield>
    <subfield code="p">163265</subfield>
    <subfield code="r">2017-09-11 00:00:00</subfield>
    <subfield code="w">2017-09-11</subfield>
    <subfield code="y">BK</subfield>
  </datafield>
</record>
